Matemática 2º Básico: texto del estudiante.

Сохранить в:
Библиографические подробности
Главный автор: Ayala Altamirano, Cristina (autora)
Другие авторы: Benavides Oyarzún, María Cecilia (autora), Frías Barea, Mónica (autora)
Формат:
Опубликовано: Santiago, Chile: Ediciones SM, 2017©, 2018.
Предметы:
Метки: Добавить метку
Нет меток, Требуется 1-ая метка записи!

MARC

LEADER 00000cam a2200000 a 4500
001 UCC4974
003 CL-VaPUC
005 20240705074027.0
008 220929t2017 ||||| |||| 00| 0 eng d
999 |c 372355  |d 372353 
020 |a 978-956-363-293-4 
040 |c Pontificia Universidad Católica de Valparaíso 
082 0 4 |a 372.7 AYA 2018  |2 21 
100 0 |a Ayala Altamirano, Cristina  |e autora  |9 599275 
245 1 0 |a Matemática 2º Básico: texto del estudiante. 
260 |a Santiago, Chile:  |b Ediciones SM,  |c 2017©,  |c 2018. 
300 |a 287 páginas. 
500 |a c.3 Donación Bib. Educación a Bib. Matemática. Sin memo 26/09/2022 
583 |a last modification  |c 20180907 13:03:00  |k Rodrigo Vera 
650 0 |a Matemáticas  |x Enseñanza  |9 875527 
650 0 |a Métodos de enseñanza  |9 270413 
650 0 |a Educación básica   |9 224933 
650 0 |a Libros de texto  |9 270019 
700 0 |a Benavides Oyarzún, María Cecilia  |e autora  |9 599276 
700 0 |a Frías Barea, Mónica  |e autora  |9 599277 
942 |c BK  |2 ddc 
945 |d 20180907 13:03:00  |a dcastane 
952 |0 0  |1 0  |2 ddc  |3 erb  |4 0  |6 372_700000000000000_AYA_2018  |7 0  |8 A  |9 489959  |a BIBEDU  |b BIBEDU  |i 549978K  |o 372.7 AYA 2018  |p 549978K  |r 2019-11-24  |w 2019-11-24  |y BK  |z Catalogado en:20180907  |k EPE 
952 |0 0  |1 0  |3 erb  |4 0  |6 372_700000000000000_AYA_2018  |7 0  |8 A  |9 489960  |a BIBEDU  |b BIBEDU  |i 5499771  |o 372.7 AYA 2018  |p 5499771  |r 2019-11-24  |w 2019-11-24  |y BK  |z Catalogado en:20180907  |k EPE 
952 |0 0  |1 0  |2 ddc  |4 0  |6 372_700000000000000_AYA_2018  |7 0  |8 A  |9 586933  |a BIBMAT  |b BIBMAT  |c E_DIDACT  |d 2022-09-29  |e Donación  |i 5654874  |o 372.7 AYA 2018  |p 5654874  |r 2025-01-07  |t 3  |w 2022-09-29  |y BK  |k MAT